Visualizzazione normale
Vista MARC
- Hancock Herbie
di Personal Name
Records bibliografici associati: 1
001 - CONTROL NUMBER
- control field: 17217
003 - CONTROL NUMBER IDENTIFIER
- control field: IT-RoPau
005 - DATE AND TIME OF LATEST TRANSACTION
- control field: 20140323215350.0
008 - FIXED-LENGTH DATA ELEMENTS
- fixed length control field: 140323|| aca||aabn | a|a d
040 ## - CATALOGING SOURCE
- Original cataloging agency: IT-RoPau
- Transcribing agency: IT-RoPau
100 ## - HEADING--PERSONAL NAME
- Personal name: Hancock Herbie
- Miscellaneous information: Codice Interprete SPICS: 10673
- Relator term: Interprete
670 ## - SOURCE DATA FOUND
- Source citation: Work cat.: (IT-RoPau)99167: Hancock Herbie 17214, Village Life